Bulharsko-český a česko-bulharský technický slovník

Gespeichert in:
Bibliographische Detailangaben
Format: Buch
Sprache:Bulgarisch
Tschechisch
Veröffentlicht: Praha Státní nakladatelství technické literatury 1988
Ausgabe:1. vyd.
Tags: Tag hinzufügen
Keine Tags, Fügen Sie das erste Tag hinzu!

MARC

LEADER 00000nam a2200000 4500
001 c033587
005 20250520074623.0
041 0 |a bul 
041 0 |a cze 
044 |a CZ 
245 1 0 |a Bulharsko-český a česko-bulharský technický slovník 
250 |a 1. vyd. 
264 1 |a Praha  |b Státní nakladatelství technické literatury  |c 1988 
300 |a 511 s.